000 00474 a2200169 4500
003 OSt
005 20231005143403.0
008 230929b |||||||| |||| 00| 0 eng d
020 _a9789380381503
040 _coclc
082 _a510.2462
_bVEE/H
100 1 _aVeerarajan, T.
_99635
245 _aHIGHER ENGINEERING MATHEMATICS /
_cT Veerarajan
260 _bYesdee,
_c2016.
300 _a449 p
942 _2ddc
_cBK
_h510.2462
_iVEE/H
_k510.2462
_mVEE/H
999 _c42390
_d42390